| 000 | 00434nam a2200169Ia 4500 | ||
|---|---|---|---|
| 008 | 131103s9999 xx 000 0 und d | ||
| 040 | _aLoreto College | ||
| 041 | _aEnglish | ||
| 082 |
_aF/MAC _bLCLIB/23646 |
||
| 100 | _aMacdonald,Ross | ||
| 245 |
_aBlack Money _cRoss Macdonald |
||
| 260 |
_aLondon _bCollins/Fontana Books _c1965 |
||
| 300 |
_a255 p. _c 18 cm. |
||
| 650 | _aFiction in English | ||
| 850 | _aLCLIB | ||
| 942 | _cBK | ||
| 999 |
_c16084 _d66563 |
||